| 000 | 00542pam a2200217 i 4500 | ||
|---|---|---|---|
| 001 | 1291230 | ||
| 005 | 20180312104350.0 | ||
| 008 | 770824s1978 nyu b 001 0 eng | ||
| 010 | _a 76050864 | ||
| 020 |
_a0030293464 : _c$9.95 |
||
| 040 |
_aDLC _cDLC _dDLC |
||
| 041 | _aeng | ||
| 080 | _a361 | ||
| 082 | 0 | 0 | _a361 MAC |
| 100 | 1 | _a50 | |
| 101 | _aSOC | ||
| 245 | 1 | 4 |
_aThe design of social welfare / _cDavid Macarov. |
| 504 | _aBibliography: p. 259-288. | ||
| 906 |
_a7 _bcbc _corignew _d1 _eocip _f19 _gy-gencatlg |
||
| 942 |
_2ddc _cBK |
||
| 999 |
_c44800 _d44800 |
||